000 00449nam a2200169Ia 4500
003 GCL
008 140319s9999 xx 000 0 eng d
040 _aGCL /
_cGCL
082 0 4 _a074
_bL G
100 1 _aLANTIER, RAYMOND
245 1 0 _aGUIDE ILLUSTRE : DU MUSSE DES ANTIQUITIES NATIONALES /
_cLANTIER, RAYMOND
260 _a[S.N] :
_bMUSEES NATIONAUX ،
_c1948
300 _a178
650 0 4 _aMUSEUMS
650 0 4 _aANTIQUITIES
942 _2ddc
_cBK
999 _c20716
_d20716